| Tag |
First Indicator |
Second Indicator |
Subfields |
| LEADER |
00000cam a2200000 i 4500 |
| 001 |
in00000816632 |
| 005 |
20151018114848.0 |
| 008 |
800700s1980 dcu b f00010 eng d |
| 010 |
|
|
|a gp 80019054
|
| 020 |
|
|
|c pbk.
|
| 035 |
|
|
|a (OCoLC)06499878
|
| 035 |
|
|
|9 ADV0089AM
|
| 037 |
|
|
|b 22101
|
| 040 |
|
|
|a GPO
|c GPO
|d MvI-ran
|d MvI-itm
|d UtOrBLW
|
| 043 |
|
|
|a n-us-ga
|
| 074 |
|
|
|a 982-I-9
|
| 086 |
0 |
|
|a TD 1.112:80-6
|
| 110 |
1 |
|
|a United States.
|b National Transportation Safety Board.
|
| 245 |
1 |
0 |
|a Aircraft incident report :
|b Eastern Airlines,Inc., Boeing 727-25 N8139, Atlanta Hartsfield International Airport, Atlanta, Georgia, August 22, 1979.
|
| 264 |
|
1 |
|a Washington :
|b National Transportation Safety Board ;
|c 1980.
|
| 264 |
|
2 |
|a Springfield, Va. :
|b For sale by the National Technical Information Service,
|
| 300 |
|
|
|a ii, 28 pages, 1 folded leaf of plate :
|b graphs ;
|c 28 cm.
|
| 336 |
|
|
|a text
|b txt
|2 rdacontent
|
| 337 |
|
|
|a unmediated
|b n
|2 rdamedia
|
| 338 |
|
|
|a volume
|b nc
|2 rdacarrier
|
| 490 |
1 |
|
|a Report - National Transportation Safety Board ; no. NTSB-AAR-80-6
|
| 500 |
|
|
|a May 28, 1980.
|
| 500 |
|
|
|a "Aircraft Incident Report--Eastern Airlines, Inc., Boeing 727-25, N8139, William B. Hartsfield Atlanta International Airport, Atlanta, Georgia, August 22, 1979"--tech. rep. doc. p.
|
| 504 |
|
|
|a Includes bibliographical references.
|
| 650 |
|
0 |
|a Aircraft accidents.
|
| 740 |
|
|
|a Eastern Airlines, Inc., Boeing 727-25 N8139, Atlanta Hartsfield International Airport, Atlanta, Georgia, August 22, 1979.
|
| 740 |
0 |
|
|a Aircraft incident report, Eastern Airlines Inc., Boeing 727-25, N8139, William B. Hartsfield Atlanta International Airport, Atlanta, Georgia, August 22, 1979.
|
| 830 |
|
0 |
|a Report (United States. National Transportation Safety Board) ;
|v no. NTSB-AAR-80-6.
|
| 999 |
|
|
|a MARS
|
| 999 |
f |
f |
|s 22350c93-7a2c-3514-ab4c-0cf11a78fbf9
|i 2d9cf8de-b3d1-323a-a7a0-d290b34d473c
|t 0
|
| 952 |
f |
f |
|p normal
|a Texas A&M University
|b College Station
|c Sterling C. Evans Library
|d Evans: US Documents (Annex 5th floor)
|t 0
|e TD 1.112: 80-6
|h Superintendent of Documents classification
|i unmediated -- volume
|m A14818307659
|
| 998 |
f |
f |
|a TD 1.112: 80-6
|t 0
|l Evans: US Documents (Annex 5th floor)
|